000 00398nam a2200133Ia 4500
008 151001s9999||||xx |||||||||||||| ||und||
100 _aनिर्मिती शिबीर बालवाडमय
245 _aकाव्य माला
250 _a1
260 _bबालवाड्मय निर्मिती शिबीर
260 _c1960
300 _a22
365 _b7
999 _c952878
_d952875